Sports Quiz

Random Sports or Letter Quiz

Big 4 Team Name Pattern Pairs Quiz Stats

Quiz Updated May 19, 2014

Challenge
Share
Tweet
Embed
Score 0/7 Timer 05:00
4 Plays Today
1st Letter . . . Last 2 Letters Two Teams % Correct
B . . . nsBrowns, Bruins
84%
N . . . tsNets, Nuggets
79.4%
R . . . nsRavens, Redskins
78.3%
D . . . ksDiamondbacks, Ducks
76.5%
S . . . ksSeahawks, Sharks
70.1%
B . . . ksBucks, Blackhawks
57.8%
B . . . esBraves, Blues
53.7%

You're not logged in!

Compare scores with friends on all Sporcle quizzes.
Sign Up with Email
OR
Log In

You Might Also Like...

Show Comments

Extras

Top Quizzes Today


Score Distribution

Your Account Isn't Verified!

In order to create a playlist on Sporcle, you need to verify the email address you used during registration. Go to your Sporcle Settings to finish the process.